1062 1159 1154 1569 1521 1869 1995 1169 1986 1012 1836 1338 1115 1797 1811 1963 1226 1907 1902 1480 1590 1408 1077 1906 1962 1327 1690 1385 1301 1173 1925 1986 1258 1532 1368 1583 1361 1543 1568 1501 1367 1326 1494 1862 1894 1908 1170 1970 1787 1589 1514 1112 1161 1313 1103 1258 1643 1526 1296 1933 1422 1009 1735 1020 1481 1675 1781 1871 1441 1671 1999 1014 1513 1779 1928 1000 1552 1942 1989 1807 1572 1465 1268 1294 1519 1254 1894 1159 1809 1217 1649 1086 1226 1487 1992 1684 1775 1916 1484 BCNSPRNW ULIB Ver.6.0+V

เปลี่ยนเป็นภาษาไทย

Change to English
 แสดงรายละเอียดบรรณานุกรม
  กลับหน้าหลัก

Brief Record : Get Marc (ISO 2709) : E-mail record : QR code < ปิดหน้าต่าง
LEADER : 00000nam 2200000uu 4500
001    13399108998
003     ULIB
008    110318s2547||||th 000 0 tha d
060  4 WA105^bส223น 2547
110 1  กระทรวงสาธารณสุข^bสำนักงานสาธารณสุขจังหวัด^bสำนักงานป้องกันควบคุมโรคที่ 8 จังหวัดนครสวรรค์
245 00 แนวทางการเฝ้าระวัง ควบคุมโรคและรักษาผู้ป่วยโรคไข้หวัดนก/^cสำนักงานป้องกันควบคุมโรคที่ 8 จังหวัดนครสวรรค์
260    นครสวรรค์:^bสำนักงานป้องกันควบคุมโรคที่ 8 จังหวัดนครสวรรค์,^c2547
650  7 ไข้หวัดนก
945    ^p0^l0^i016699
995    ทศพร
999 ^a ใช้งานได้ทุกระบบ
รายการนี้ยังไม่มีแท็ก
คุณยังไม่ได้ล็อกอิน คุณสามารถมีกิจกรรมร่วมกับเว็บไซต์ได้ แต่ต้องล็อกอินก่อน ::
  ล็อกอิน

รายการสื่อสารสนเทศ

ลำดับที่ ประเภท เลขเรียก/บาร์โค้ด สถานที่ สถานะ
- ไม่พบข้อมูล -

รายการใกล้เคียง
    หัวเรื่อง [ไข้หวัดนก]

BibComment


ยังไม่เคยถูกคอมเมนท์

คอมเมนท์ทรัพยากรรายการนี้
  คอมเมนท์: แนวทางการเฝ้าระวั..


 Copyright 2026. Bcnsprnw @Library